[Event "St John's University"]
[Site "New York USA"]
[Date "2001.06.25"]
[Round "7"]
[White "Muhammad, Stephen"]
[Black "Glinert, Stephen"]
[Result "0-1"]
[WhiteElo "2307"]
[BlackElo "2273"]
[PlyCount "128"]
[EventDate "2001.06.18"]
[EventType "tourn"]
[EventRounds "9"]
[EventCountry "USA"]
[EventCategory "4"]

1. d4 Nf6 2. Nf3 d5 3. c4 g6 4. e3 Bg7 5. Nbd2 O-O 6. Be2 c5 7. O-O cxd4 8.
Nxd4 e5 9. N4f3 Nc6 10. cxd5 Nxd5 11. Qb3 Nb6 12. Rd1 Qe7 13. Ne4 Be6 14. Qb5
Rfd8 15. Qc5 Rxd1+ 16. Bxd1 Qd7 17. Bd2 Nc4 18. Bc3 a6 19. Ba4 f5 20. Rd1 Qxd1+
21. Bxd1 Bf8 22. Nf6+ Kg7 23. Nxe5 Bxc5 24. Nxc6 Kf7 25. Ne5+ Nxe5 26. Bxe5 h6
27. Bf3 Rd8 28. g4 Bxa2 29. gxf5 gxf5 30. Bxb7 Be7 31. Nh5 Rd1+ 32. Kg2 Bd5+
33. Bxd5+ Rxd5 34. Bc3 Bd6 35. Nf4 Bxf4 36. exf4 Rd3 37. Be5 Ke6 38. f3 Kd5 39.
Kg3 Rd2 40. Bg7 h5 41. h3 Rd3 42. Be5 a5 43. Bc7 a4 44. Be5 Kc4 45. Kh4 Kb3 46.
Kxh5 Rd2 47. Kg6 Rxb2 48. Bd6 a3 49. Bxa3 Kxa3 50. Kxf5 Re2 51. h4 Kb4 52. h5
Kc5 53. h6 Kd6 54. Kf6 Rh2 55. Kg7 Ke7 56. h7 Rg2+ 57. Kh6 Kf7 58. h8=N+ Kf6
59. Kh7 Rg7+ 60. Kh6 Rg3 61. Kh7 Rxf3 62. Kg8 Rxf4 63. Nf7 Rd4 64. Nh6 Ra4 0-1

[Event "St John's University"]
[Site "New York USA"]
[Date "2001.06.27"]
[Round "9"]
[White "Glinert, Stephen"]
[Black "Gersov, Evgeny"]
[Result "0-1"]
[WhiteElo "2273"]
[BlackElo "2265"]
[PlyCount "90"]
[EventDate "2001.06.18"]
[EventType "tourn"]
[EventRounds "9"]
[EventCountry "USA"]
[EventCategory "4"]

1. e4 c6 2. d4 d5 3. exd5 cxd5 4. c4 Nf6 5. Nc3 Nc6 6. Bg5 dxc4 7. d5 Ne5 8.
Qd4 Nd3+ 9. Bxd3 cxd3 10. Nf3 e6 11. O-O-O Be7 12. Rhe1 Qc7 13. Rxd3 Qc5 14.
Bxf6 gxf6 15. Qxc5 Bxc5 16. Ne4 Be7 17. d6 Bd8 18. Nc5 Bd7 19. Kb1 b6 20. Nxd7
Kxd7 21. Rc1 a6 22. Nd2 Rg8 23. g3 Rg5 24. Rc4 Rf5 25. Ne4 Rd5 26. Rcd4 f5 27.
Nd2 Rxd4 28. Rxd4 b5 29. a4 Rc8 30. axb5 axb5 31. Rb4 Rc5 32. Nb3 Rd5 33. Nd4
Kxd6 34. Nf3 Rd3 35. Rd4+ Rxd4 36. Nxd4 Kc5 37. Nf3 Kd5 38. Nd2 Bb6 39. f3 Kd4
40. Kc2 Ke3 41. f4 h6 42. Nb1 Kf3 43. Na3 Kg2 44. Nxb5 Kxh2 45. Kd3 Kxg3 0-1

[Event "Toronto int"]
[Site "Toronto CAN"]
[Date "2000.08.17"]
[Round "3"]
[White "Glinert, Stephen"]
[Black "Ruiz, Richard"]
[Result "1-0"]
[WhiteElo "2347"]
[BlackElo "2181"]
[PlyCount "81"]
[EventDate "2000.08.16"]
[EventType "tourn"]
[EventRounds "9"]
[EventCountry "CAN"]

1. e4 Nc6 2. Nf3 d6 3. d4 Nf6 4. Nc3 Bg4 5. Be3 a6 6. Be2 e5 7. d5 Ne7 8. O-O
Ng6 9. Ne1 Bxe2 10. Qxe2 Qd7 11. h3 Be7 12. Nd3 O-O 13. a4 c6 14. a5 cxd5 15.
exd5 Rac8 16. f4 exf4 17. Nxf4 Ne5 18. Bd4 Rfe8 19. Qf2 Bd8 20. b3 Ng6 21. Qd2
Ne4 22. Nxe4 Rxe4 23. Nh5 f6 24. Ng3 Re8 25. c4 Bc7 26. Nf5 Re4 27. Ng3 Ree8
28. Nh5 Ne5 29. Rxf6 Qe7 30. Rf2 Qh4 31. Nf4 Qg3 32. Qc3 Qh4 33. Ne6 Bb8 34.
Raf1 h6 35. Rf4 Qh5 36. Qg3 Rxe6 37. dxe6 d5 38. e7 Ng6 39. Rf8+ Kh7 40. Rxc8
Bxg3 41. e8=Q 1-0

[Event "Toronto int"]
[Site "Toronto CAN"]
[Date "2000.08.18"]
[Round "4"]
[White "Benjaffar, Mohamed Elhasmey"]
[Black "Glinert, Stephen"]
[Result "0-1"]
[WhiteElo "2303"]
[BlackElo "2347"]
[PlyCount "46"]
[EventDate "2000.08.16"]
[EventType "tourn"]
[EventRounds "9"]
[EventCountry "CAN"]

1. e4 d6 2. d4 Nf6 3. Nc3 g6 4. f4 Bg7 5. Nf3 O-O 6. Bd3 Nc6 7. O-O Bg4 8. e5
dxe5 9. dxe5 Nd5 10. Qe1 Ncb4 11. Be4 c6 12. Qh4 Bxf3 13. Rxf3 f5 14. exf6 Bxf6
15. Qg4 Nxc3 16. Qe6+ Rf7 17. bxc3 Bxc3 18. Bxg6 Bd4+ 19. Be3 hxg6 20. Qxg6+
Bg7 21. Rh3 Qd6 22. Qh7+ Kf8 23. Rb1 Nd5 0-1

[Event "Toronto int"]
[Site "Toronto CAN"]
[Date "2000.08.18"]
[Round "5"]
[White "Cummings, David"]
[Black "Glinert, Stephen"]
[Result "1/2-1/2"]
[WhiteElo "2479"]
[BlackElo "2347"]
[PlyCount "69"]
[EventDate "2000.08.16"]
[EventType "tourn"]
[EventRounds "9"]
[EventCountry "CAN"]

1. Nf3 Nf6 2. c4 g6 3. Nc3 d5 4. cxd5 Nxd5 5. e4 Nxc3 6. dxc3 Qxd1+ 7. Kxd1 Bg7
8. Bf4 c5 9. Kc2 Nd7 10. Nd2 Ne5 11. Bb5+ Bd7 12. Bxd7+ Kxd7 13. Rad1 Ke6 14.
Bxe5 Bxe5 15. Nf3 Bc7 16. Rd5 b6 17. Rhd1 f6 18. Kb3 a6 19. a4 Bd6 20. g3 Rhc8
21. Nd2 b5 22. f4 c4+ 23. Kc2 Rab8 24. axb5 axb5 25. Nf3 Bc5 26. Ra1 b4 27.
Ra6+ Kf7 28. cxb4 Bxb4 29. e5 c3 30. b3 Ra8 31. Ra4 Rxa4 32. bxa4 Ra8 33. Nd4
fxe5 34. Rxe5 Bd6 35. Re2 1/2-1/2

[Event "Toronto int"]
[Site "Toronto CAN"]
[Date "2000.08.19"]
[Round "6"]
[White "Glinert, Stephen"]
[Black "Fedorowicz, John"]
[Result "0-1"]
[WhiteElo "2347"]
[BlackElo "2547"]
[PlyCount "68"]
[EventDate "2000.08.16"]
[EventType "tourn"]
[EventRounds "9"]
[EventCountry "CAN"]

1. e4 c5 2. Nc3 Nc6 3. g3 g6 4. Bg2 Bg7 5. d3 d6 6. Be3 h5 7. h3 e5 8. Qd2 Nge7
9. f4 Nd4 10. Nd1 h4 11. g4 exf4 12. Bxf4 Ne6 13. Ne2 d5 14. Ndc3 d4 15. Nd5
Nxd5 16. exd5 Nxf4 17. Qxf4 Qa5+ 18. Kf2 O-O 19. Rhe1 Bd7 20. Ng1 Qb6 21. b3
Rae8 22. Rxe8 Rxe8 23. Nf3 Qd8 24. Kg1 Bc8 25. Ng5 Qe7 26. Rf1 Qe3+ 27. Qxe3
dxe3 28. Ne4 e2 29. Re1 f5 30. gxf5 gxf5 31. Nd6 Bd4+ 32. Kh1 Bc3 33. Nxe8 Bxe1
34. Bf3 Kf8 0-1

[Event "Toronto int"]
[Site "Toronto CAN"]
[Date "2000.08.19"]
[Round "7"]
[White "Vaingorten, Yaaqov"]
[Black "Glinert, Stephen"]
[Result "0-1"]
[WhiteElo "2249"]
[BlackElo "2347"]
[PlyCount "80"]
[EventDate "2000.08.16"]
[EventType "tourn"]
[EventRounds "9"]
[EventCountry "CAN"]

1. Nf3 Nf6 2. c4 g6 3. Nc3 d5 4. cxd5 Nxd5 5. e4 Nxc3 6. dxc3 Qxd1+ 7. Kxd1 Bg7
8. Bf4 c6 9. Kc2 Nd7 10. Bc4 b5 11. Be2 Bb7 12. Nd2 a6 13. Nb3 c5 14. f3 Rc8
15. a4 c4 16. Nd2 O-O 17. axb5 axb5 18. Ra7 Bc6 19. Rha1 f5 20. Bg3 e5 21. R1a5
Rfd8 22. Bf2 Nf6 23. Bh4 Rd6 24. Re7 Rcd8 25. Be1 fxe4 26. Raa7 Bh6 27. Nf1
exf3 28. gxf3 e4 29. f4 Nd7 30. Bg4 Bf8 31. Re6 Nf6 32. Rxd6 Bxd6 33. Bf2 e3
34. Bxe3 Be4+ 35. Kd2 Bb8+ 36. Rd7 Nxd7 37. Be6+ Kf8 38. f5 Nc5+ 39. Ke1 Nxe6
40. fxe6 Re8 0-1

[Event "CAN-ch U20 2000"]
[Site "Montreal CAN"]
[Date "2000.05.03"]
[Round "1"]
[White "Glinert, Stephen"]
[Black "Egorov, Mikhail"]
[Result "1/2-1/2"]
[WhiteElo "2345"]
[BlackElo "1962"]
[PlyCount "95"]
[EventDate "2000.05.03"]
[EventType "swiss"]
[EventRounds "8"]
[EventCountry "CAN"]

1. e4 c5 2. Nc3 b6 3. g3 Bb7 4. Bg2 g6 5. d3 Bg7 6. Be3 Nc6 7. Qd2 d6 8. Nge2
Nd4 9. O-O e6 10. Nc1 Ne7 11. Nd1 O-O 12. c3 Ndc6 13. Bh6 d5 14. Bxg7 Kxg7 15.
exd5 Nxd5 16. Ne3 Nde7 17. Ne2 Qd7 18. Rad1 Rad8 19. Nf4 Ne5 20. Qe2 Bxg2 21.
Kxg2 N5c6 22. Nc4 Nd5 23. Qf3 Nxf4+ 24. Qxf4 Qd5+ 25. Qf3 Qxf3+ 26. Kxf3 f5 27.
Ke2 e5 28. f4 Rfe8 29. Kf3 Rxd3+ 30. Rxd3 e4+ 31. Ke3 exd3+ 32. Kxd3 Kf6 33.
Ne3 Rd8+ 34. Kc2 Rd7 35. Rf2 Rd6 36. Kb3 Na5+ 37. Kc2 Nc6 38. a3 Ne7 39. Nc4
Re6 40. Rd2 Nc6 41. Kb3 b5 42. Nd6 Nd4+ 43. cxd4 Rxd6 44. d5 Ke7 45. a4 a6 46.
axb5 axb5 47. Kc3 Rd7 48. b4 1/2-1/2

[Event "CAN-ch U20 2000"]
[Site "Montreal CAN"]
[Date "2000.05.04"]
[Round "2"]
[White "Perecowicz, Jonathan"]
[Black "Glinert, Stephen"]
[Result "0-1"]
[WhiteElo "1286"]
[BlackElo "2345"]
[PlyCount "44"]
[EventDate "2000.05.03"]
[EventType "swiss"]
[EventRounds "8"]
[EventCountry "CAN"]

1. e4 d6 2. d4 Nf6 3. Nc3 g6 4. Nf3 Bg7 5. h3 O-O 6. Be3 c6 7. Bd3 Qc7 8. Qd2
e5 9. O-O-O a6 10. g4 exd4 11. Nxd4 c5 12. Nf3 Be6 13. g5 Nfd7 14. Be2 Qa5 15.
a3 b5 16. h4 b4 17. Nb1 Nc6 18. Qxd6 bxa3 19. Nxa3 Rab8 20. e5 Ncxe5 21. c3
Nxf3 22. Bxf3 Rxb2 0-1

[Event "CAN-ch U20 2000"]
[Site "Montreal CAN"]
[Date "2000.05.04"]
[Round "3"]
[White "Glinert, Stephen"]
[Black "Cormos, Eugene"]
[Result "1/2-1/2"]
[WhiteElo "2345"]
[BlackElo "2069"]
[PlyCount "54"]
[EventDate "2000.05.03"]
[EventType "swiss"]
[EventRounds "8"]
[EventCountry "CAN"]

1. e4 e5 2. Nf3 Nc6 3. d4 exd4 4. Nxd4 Bc5 5. Be3 Qf6 6. c3 Nge7 7. Bc4 a6 8.
O-O O-O 9. f4 d5 10. exd5 Nxd4 11. Bxd4 Bxd4+ 12. Qxd4 Qxd4+ 13. cxd4 Rd8 14.
Nc3 b5 15. Bb3 Bb7 16. Rac1 Nxd5 17. Nxd5 Bxd5 18. Bxd5 Rxd5 19. Rxc7 Rxd4 20.
g3 Re8 21. Ra7 h6 22. Rxa6 Re2 23. Rf2 Rxf2 24. Kxf2 Rd2+ 25. Ke3 Rxb2 26. h4
h5 27. Ra5 b4 1/2-1/2

[Event "CAN-ch U20 2000"]
[Site "Montreal CAN"]
[Date "2000.05.05"]
[Round "4"]
[White "Lentini, Joseph"]
[Black "Glinert, Stephen"]
[Result "0-1"]
[WhiteElo "2130"]
[BlackElo "2345"]
[PlyCount "134"]
[EventDate "2000.05.03"]
[EventType "swiss"]
[EventRounds "8"]
[EventCountry "CAN"]

1. e4 d6 2. d4 Nf6 3. Nc3 g6 4. f3 Bg7 5. Be3 c6 6. Qd2 b5 7. O-O-O Qa5 8. Kb1
Nbd7 9. g4 Nb6 10. Nd5 Qxd2 11. Nxf6+ Bxf6 12. Rxd2 a6 13. h4 Bb7 14. h5 Rg8
15. hxg6 hxg6 16. Rh7 Rc8 17. c3 Nd7 18. Bh3 Nf8 19. Rh6 Rd8 20. g5 Bg7 21. Rh4
e5 22. dxe5 dxe5 23. Rxd8+ Kxd8 24. Bb6+ Ke8 25. Ne2 f6 26. gxf6 Bxf6 27. Rg4
Rh8 28. Rg3 Bh4 29. Rg2 Bd8 30. Bxd8 Kxd8 31. Bg4 c5 32. Kc2 Ke7 33. Kd2 Kf6
34. Ke3 Rh1 35. Rg1 Rxg1 36. Nxg1 Nh7 37. Nh3 Ng5 38. Nxg5 Kxg5 39. Bd7 b4 40.
Be6 a5 41. a3 bxa3 42. bxa3 Bc6 43. Bc8 Ba4 44. Bg4 Kh4 45. Kf2 Bc2 46. Be6 g5
47. Bf5 Bb3 48. Bg4 Bd1 49. Ke1 Bc2 50. Bf5 Kg3 51. Ke2 Bb3 52. Bg4 Bc4+ 53.
Ke1 Bd3 54. Bh5 c4 55. Bg4 Bxe4 56. Ke2 Kf4 57. Bh5 Bc6 58. Bf7 Bxf3+ 59. Kf2
g4 60. Bxc4 g3+ 61. Kg1 Bc6 62. Bf1 Ke3 63. c4 Kd4 64. Be2 Kc3 65. Bf1 Kb3 66.
c5 Kxa3 67. Bg2 e4 0-1

[Event "CAN-ch U20 2000"]
[Site "Montreal CAN"]
[Date "2000.05.05"]
[Round "5"]
[White "Glinert, Stephen"]
[Black "Gushuliak, Justin"]
[Result "1-0"]
[WhiteElo "2345"]
[BlackElo "2097"]
[PlyCount "83"]
[EventDate "2000.05.03"]
[EventType "swiss"]
[EventRounds "8"]
[EventCountry "CAN"]

1. e4 c5 2. Nc3 Nc6 3. g3 g6 4. Bg2 Bg7 5. d3 d6 6. Be3 e6 7. Qd2 Qa5 8. Nge2
Nd4 9. O-O Ne7 10. Rab1 O-O 11. a3 Nec6 12. b4 Qxa3 13. Bxd4 Nxd4 14. Nxd4 cxd4
15. Nb5 Qa4 16. Nxd6 Rd8 17. Nc4 Qb5 18. f4 Bd7 19. Ra1 Bf8 20. Rfb1 b6 21. e5
Bc6 22. Bxc6 Qxc6 23. b5 Qb7 24. Qg2 Rdb8 25. Qxb7 Rxb7 26. Ra6 Rd8 27. Kf2 Be7
28. Kf3 Kf8 29. Ke4 Ke8 30. Rba1 Rdd7 31. R1a2 Kd8 32. Nd2 Bc5 33. Nb3 Kc8 34.
R2a4 Rbc7 35. Nxd4 Bxd4 36. Rxd4 Rxd4+ 37. Kxd4 Rxc2 38. Rxa7 Rxh2 39. Rxf7 h5
40. Rf6 Rg2 41. Rxg6 h4 42. Rxe6 1-0

[Event "CAN-ch U20 2000"]
[Site "Montreal CAN"]
[Date "2000.05.06"]
[Round "7"]
[White "Glinert, Stephen"]
[Black "Gottlieb, Jonathan"]
[Result "1-0"]
[WhiteElo "2345"]
[BlackElo "2143"]
[PlyCount "49"]
[EventDate "2000.05.03"]
[EventType "swiss"]
[EventRounds "8"]
[EventCountry "CAN"]

1. e4 c5 2. Nc3 Nc6 3. g3 g6 4. Bg2 Bg7 5. d3 d6 6. Be3 e6 7. Qd2 Nd4 8. Nd1
Ne7 9. c3 h6 10. f3 Ndc6 11. Ne2 Qa5 12. Nc1 b5 13. O-O e5 14. f4 Qc7 15. Ne2
Bg4 16. Nf2 Bxe2 17. Qxe2 O-O 18. f5 g5 19. f6 Bxf6 20. Qh5 Bg7 21. Ng4 f6 22.
Nxh6+ Bxh6 23. Qxh6 Rf7 24. Rxf6 Rg7 25. Raf1 1-0

[Event "CAN-ch U20 2000"]
[Site "Montreal CAN"]
[Date "2000.05.07"]
[Round "8"]
[White "Glinert, Stephen"]
[Black "Goldenberg, Danny"]
[Result "1/2-1/2"]
[WhiteElo "2345"]
[BlackElo "2321"]
[PlyCount "81"]
[EventDate "2000.05.03"]
[EventType "swiss"]
[EventRounds "8"]
[EventCountry "CAN"]

1. e4 c5 2. Nc3 Nc6 3. g3 g6 4. Bg2 Bg7 5. d3 e6 6. Be3 Nd4 7. Qd2 Ne7 8. Nd1
d6 9. c3 Ndc6 10. Ne2 O-O 11. Bh6 Bxh6 12. Qxh6 f5 13. O-O Qc7 14. Ne3 Bd7 15.
Nf4 Rae8 16. Rfe1 Nd8 17. Nh3 Nf7 18. Qh4 Bc6 19. exf5 Nxf5 20. Nxf5 exf5 21.
Ng5 Nxg5 22. Qxg5 Bxg2 23. Kxg2 Re5 24. d4 Qc6+ 25. Kg1 Re4 26. dxc5 dxc5 27.
Rxe4 Qxe4 28. Rd1 Kg7 29. Rd7+ Rf7 30. Rxf7+ Kxf7 31. Qd2 Qe7 32. b4 b6 33.
bxc5 bxc5 34. Qd5+ Kf6 35. Kf1 g5 36. f3 h5 37. Qg8 h4 38. Qh8+ Ke6 39. Qg8+
Kd6 40. Qb8+ Kd5 41. Qb3+ 1/2-1/2

[Event "Toronto-ch"]
[Site "Toronto CAN"]
[Date "2000.02.09"]
[Round "1"]
[White "Glinert, Stephen"]
[Black "Teodoro, Roderick"]
[Result "1/2-1/2"]
[WhiteElo "2354"]
[BlackElo "2240"]
[PlyCount "86"]
[EventDate "2000.02.09"]
[EventType "tourn"]
[EventRounds "10"]
[EventCountry "CAN"]

1. e4 c5 2. Nc3 Nc6 3. g3 g6 4. Bg2 Bg7 5. d3 d6 6. Be3 e5 7. Qd2 Nge7 8. h4 h5
9. Nh3 Bd7 10. O-O O-O 11. f4 Nd4 12. Nd1 f5 13. fxe5 dxe5 14. Ng5 Qc7 15. exf5
Ndxf5 16. Bf2 Rac8 17. Ne3 Nxe3 18. Qxe3 b6 19. Qe4 Kh8 20. Rad1 Bc6 21. Qc4
Bxg2 22. Kxg2 Nf5 23. Qe4 Qd7 24. Rde1 Rcd8 25. Be3 Qc8 26. Nf3 Qe6 27. Bd2
Rde8 28. Bc3 Nd6 29. Qe3 Qd5 30. Qg5 Rf5 31. Qe3 e4 32. dxe4 Rxe4 33. Bxg7+
Kxg7 34. Qc3+ Kg8 35. Rxe4 Nxe4 36. Qd3 Qxd3 37. cxd3 Nd6 38. Re1 Rd5 39. Re7
Rxd3 40. Rxa7 Nf5 41. Rb7 Ne3+ 42. Kf2 Ng4+ 43. Kg2 Ne3+ 1/2-1/2

[Event "Toronto-ch"]
[Site "Toronto CAN"]
[Date "2000.02.16"]
[Round "3"]
[White "Hunter, Mory"]
[Black "Glinert, Stephen"]
[Result "1-0"]
[WhiteElo "2058"]
[BlackElo "2354"]
[PlyCount "83"]
[EventDate "2000.02.09"]
[EventType "tourn"]
[EventRounds "10"]
[EventCountry "CAN"]

1. e4 d6 2. d4 Nf6 3. Nc3 g6 4. Be3 Bg7 5. Qd2 c6 6. f3 b5 7. Bh6 Bxh6 8. Qxh6
Nbd7 9. Nh3 Qa5 10. Qd2 Nb6 11. Nf2 Be6 12. b3 b4 13. Ncd1 c5 14. d5 Bc8 15.
Ne3 Nbd7 16. Nc4 Qc7 17. Qh6 a5 18. Be2 Ba6 19. Nd1 O-O-O 20. Ndb2 Kb8 21. a3
Bb7 22. axb4 axb4 23. O-O e6 24. Na5 exd5 25. Nxb7 Kxb7 26. Ba6+ Kb8 27. Ra2
dxe4 28. Rfa1 exf3 29. Bb5 Nb6 30. Nc4 f2+ 31. Kf1 Nfd5 32. Ra7 Qxa7 33. Rxa7
Kxa7 34. Qg7 Rhf8 35. Na5 Ne7 36. Qa1 Kb8 37. Nc4 Nxc4 38. bxc4 Nc8 39. Qa6
Rfe8 40. Bc6 Re7 41. Qa8+ Kc7 42. Qb7# 1-0

[Event "Toronto-ch"]
[Site "Toronto CAN"]
[Date "2000.02.18"]
[Round "4"]
[White "Glinert, Stephen"]
[Black "Loo, Kent"]
[Result "1-0"]
[WhiteElo "2354"]
[BlackElo "2214"]
[PlyCount "27"]
[EventDate "2000.02.09"]
[EventType "tourn"]
[EventRounds "10"]
[EventCountry "CAN"]

1. e4 e5 2. Nf3 d6 3. d4 exd4 4. Qxd4 Nf6 5. Bg5 Be7 6. Nc3 O-O 7. Bc4 Nc6 8.
Qd2 Bg4 9. h3 Bh5 10. O-O-O a6 11. g4 Bg6 12. Bd3 Ne5 13. Nh4 Nxe4 14. Bxe7 1-0

[Event "Toronto-ch"]
[Site "Toronto CAN"]
[Date "2000.02.27"]
[Round "5"]
[White "Bluvshtein, Mark"]
[Black "Glinert, Stephen"]
[Result "0-1"]
[WhiteElo "2264"]
[BlackElo "2354"]
[PlyCount "70"]
[EventDate "2000.02.09"]
[EventType "tourn"]
[EventRounds "10"]
[EventCountry "CAN"]

1. e4 d6 2. d4 Nf6 3. Nc3 g6 4. f3 Bg7 5. Be3 c6 6. Qd2 b5 7. g4 Nbd7 8. h4 h6
9. Nh3 Bb7 10. g5 hxg5 11. hxg5 Nh5 12. Nf4 Nxf4 13. Rxh8+ Bxh8 14. Bxf4 Qc7
15. O-O-O O-O-O 16. Be3 a6 17. f4 Qa5 18. a3 c5 19. Kb1 c4 20. Bg2 Bg7 21. e5
Qc7 22. Bd5 e6 23. exd6 Qxd6 24. Bxb7+ Kxb7 25. Ne4 Qd5 26. Nc3 Qc6 27. d5 exd5
28. Qxd5 Bxc3 29. bxc3 Qxd5 30. Rxd5 Kc6 31. Rd4 Re8 32. Bd2 Nc5 33. Kc1 Ne4
34. Kd1 Ng3 35. Be1 Ne2 0-1

[Event "Toronto-ch"]
[Site "Toronto CAN"]
[Date "2000.02.26"]
[Round "6"]
[White "Glinert, Stephen"]
[Black "Langen, Roger"]
[Result "1-0"]
[WhiteElo "2354"]
[BlackElo "2238"]
[PlyCount "133"]
[EventDate "2000.02.09"]
[EventType "tourn"]
[EventRounds "10"]
[EventCountry "CAN"]

1. e4 e5 2. Nf3 Nc6 3. d4 exd4 4. Nxd4 Bc5 5. Be3 Qf6 6. c3 Nge7 7. Bc4 Bb6 8.
O-O O-O 9. f4 d6 10. Kh1 Bd7 11. Nc2 Rae8 12. Bxb6 axb6 13. e5 Qh6 14. exd6 Nf5
15. Qf3 Nxd6 16. Bd3 Ne7 17. Ne3 Nef5 18. Ng4 Qh4 19. Ne5 Bc6 20. Qf2 Qxf2 21.
Rxf2 Be4 22. Nd2 f6 23. Nxe4 Nxe4 24. Bxe4 fxe5 25. Bxb7 Ne3 26. f5 Rxf5 27.
Re2 Ng4 28. Bd5+ Kh8 29. Kg1 Nf6 30. Bc6 Re7 31. Rae1 h5 32. b4 g5 33. a4 g4
34. a5 bxa5 35. bxa5 e4 36. Ra1 Rc5 37. Bb7 Ree5 38. Rea2 e3 39. a6 Nd7 40. a7
Nb6 41. Ra6 Re8 42. Rxb6 cxb6 43. a8=Q Rxa8 44. Rxa8+ Kg7 45. Rc8 Re5 46. Kf1
e2+ 47. Ke1 b5 48. Ba6 h4 49. Rb8 Re3 50. Rxb5 g3 51. hxg3 Rxg3 52. Rh5 Rxc3
53. Rxh4 Rg3 54. Bb7 Re3 55. Bf3 Kf6 56. Rh5 Re7 57. Bxe2 Kg6 58. Rb5 Kg7 59.
Rb6 Re5 60. Kf2 Ra5 61. Bf3 Rc5 62. Kg3 Ra5 63. Kf4 Rc5 64. Bg4 Ra5 65. Bf5
Ra4+ 66. Kg5 Ra7 67. g4 1-0

[Event "Toronto-ch"]
[Site "Toronto CAN"]
[Date "2000.03.01"]
[Round "8"]
[White "Glinert, Stephen"]
[Black "Teodoro, Eduardo"]
[Result "0-1"]
[WhiteElo "2354"]
[BlackElo "2437"]
[PlyCount "90"]
[EventDate "2000.02.09"]
[EventType "tourn"]
[EventRounds "10"]
[EventCountry "CAN"]

1. e4 c5 2. Nc3 b6 3. g3 Bb7 4. Bg2 g6 5. d3 Bg7 6. Be3 Nf6 7. f4 O-O 8. h3 Na6
9. Nf3 d5 10. e5 d4 11. Bxd4 cxd4 12. exf6 exf6 13. Ne2 f5 14. O-O Re8 15. Qd2
Rc8 16. Rae1 Qd6 17. a3 Re7 18. g4 Rec7 19. Rc1 fxg4 20. hxg4 Nc5 21. Ng3 Qe6
22. f5 Qd6 23. Ne2 gxf5 24. g5 Ne6 25. Nh4 Bxg2 26. Nxg2 f4 27. Nexf4 Nxg5 28.
Qe2 Qh6 29. Qg4 Ne6 30. Nd5 Rxc2 31. Rce1 Kh8 32. Rxf7 Ng5 33. Rf5 Nh3+ 34. Kf1
Nf2 35. Qh5 Qxh5 36. Rxh5 Nxd3 37. Re7 Rxb2 38. Kg1 Nf2 39. Re1 d3 40. Ne7 Rc5
41. Nf5 Be5 42. Rf1 Ng4 43. Rg5 Bd4+ 44. Kh1 Rf2 45. Re1 Rcxf5 0-1

[Event "Toronto-ch"]
[Site "Toronto CAN"]
[Date "2000.03.03"]
[Round "9"]
[White "Evans, Bill"]
[Black "Glinert, Stephen"]
[Result "0-1"]
[WhiteElo "2175"]
[BlackElo "2354"]
[PlyCount "45"]
[EventDate "2000.02.09"]
[EventType "tourn"]
[EventRounds "10"]
[EventCountry "CAN"]

1. d4 Nf6 2. c4 g6 3. Nc3 d5 4. cxd5 Nxd5 5. Na4 Bf5 6. e4 Bxe4 7. Nc5 Nf6 8.
Nf3 Qd5 9. Qa4+ Nbd7 10. Bc4 Qf5 11. Ne5 O-O-O 12. Qxa7 e6 13. Qa8+ Nb8 14. Na6
Nfd7 15. Nxd7 bxa6 16. Nb6+ cxb6 17. Bxa6+ Kd7 18. Qa7+ Ke8 19. Qxb6 Nxa6 20.
Qxa6 Bb4+ 21. Ke2 Rxd4 22. Qa4+ Ke7 23. f3 0-1

[Event "Toronto-ch"]
[Site "Toronto CAN"]
[Date "2000.03.06"]
[Round "10"]
[White "Glinert, Stephen"]
[Black "Paterson, Jim"]
[Result "1-0"]
[WhiteElo "2354"]
[BlackElo "2078"]
[PlyCount "91"]
[EventDate "2000.02.09"]
[EventType "tourn"]
[EventRounds "10"]
[EventCountry "CAN"]

1. e4 e5 2. Nf3 Nc6 3. d4 exd4 4. Nxd4 Nf6 5. Nxc6 bxc6 6. Qd4 Qe7 7. Nc3 Qc5
8. Be3 Qb4 9. O-O-O Qxd4 10. Bxd4 Be7 11. Be2 O-O 12. f4 d6 13. Bf3 Bb7 14.
Rhe1 Nd7 15. e5 dxe5 16. fxe5 Bg5+ 17. Kb1 Rfe8 18. Bg4 Nf8 19. Ne4 Be7 20. Bc5
Bxc5 21. Nxc5 Rab8 22. e6 fxe6 23. Bxe6+ Nxe6 24. Rxe6 Rxe6 25. Nxe6 Re8 26.
Rd8 Rxd8 27. Nxd8 Ba8 28. g3 Kf8 29. Ne6+ Kf7 30. Nxc7 Bb7 31. b4 Ke7 32. b5 c5
33. Kb2 Kd7 34. Na6 Bxa6 35. bxa6 Kc6 36. a4 Kb6 37. Kb3 Kxa6 38. Kc4 Ka5 39.
Kxc5 Kxa4 40. c4 a5 41. Kd5 Kb3 42. c5 a4 43. c6 a3 44. c7 a2 45. c8=Q a1=Q 46.
Qc4+ 1-0

[Event "Toronto-ch"]
[Site "Toronto CAN"]
[Date "2000.03.08"]
[Round "11"]
[White "Vaingorten, Yaaqov"]
[Black "Glinert, Stephen"]
[Result "1/2-1/2"]
[WhiteElo "2231"]
[BlackElo "2354"]
[PlyCount "79"]
[EventDate "2000.02.09"]
[EventType "tourn"]
[EventRounds "10"]
[EventCountry "CAN"]

1. Nf3 Nf6 2. c4 g6 3. Nc3 d5 4. cxd5 Nxd5 5. e4 Nxc3 6. dxc3 Qxd1+ 7. Kxd1 Bg7
8. Bf4 c5 9. Kc2 O-O 10. Bg5 Re8 11. Bb5 Bd7 12. Bxd7 Nxd7 13. Rhd1 Nb6 14. a4
e6 15. a5 Nc4 16. Rd7 b6 17. axb6 axb6 18. Rxa8 Rxa8 19. Rb7 h6 20. Bf4 e5 21.
Bg3 f5 22. exf5 gxf5 23. Nd2 Nxd2 24. Kxd2 Rd8+ 25. Ke2 f4 26. Bh4 Rd6 27. f3
Bf8 28. Bf2 Rg6 29. g4 h5 30. gxh5 Re6 31. h3 Bh6 32. b4 e4 33. fxe4 cxb4 34.
Rb8+ Kf7 35. cxb4 Rxe4+ 36. Kf3 Rxb4 37. Rb7+ Kg8 38. Rb8+ Kf7 39. Rb7+ Kg8 40.
Rxb6 1/2-1/2

[Event "Toronto-ch+"]
[Site "Toronto CAN"]
[Date "2000.02.11"]
[Round "2"]
[White "Meng, Ang"]
[Black "Glinert, Stephen"]
[Result "0-1"]
[WhiteElo "2163"]
[BlackElo "2354"]
[PlyCount "76"]
[EventDate "2000.02.09"]
[EventType "tourn"]
[EventRounds "2"]
[EventCountry "CAN"]

1. e4 d6 2. f4 Nf6 3. Nc3 g6 4. Nf3 Bg7 5. Bc4 O-O 6. d3 c5 7. h3 e6 8. e5 dxe5
9. fxe5 Nfd7 10. Bg5 Qb6 11. Be7 Re8 12. Bd6 Nc6 13. Nb5 Ncxe5 14. O-O a6 15.
Nc7 Qxd6 16. Nxe8 Nxf3+ 17. Qxf3 Bd4+ 18. Kh1 Qe7 19. c3 Be5 20. d4 cxd4 21.
cxd4 Bxd4 22. Rad1 Be5 23. Nd6 Bxd6 24. Rxd6 Ne5 25. Qd1 Nxc4 26. Rd8+ Kg7 27.
Re1 e5 28. Rd5 Be6 29. b3 Bxd5 30. Qxd5 Nb6 31. Qa5 Qf6 32. Rxe5 Rd8 33. Re1
Rd5 34. Qb4 Qd4 35. Qe7 Rd7 36. Qe8 Qd6 37. h4 Nd5 38. h5 Nf6 0-1

[Event "Wch U14"]
[Site "Oropesa del Mar ESP"]
[Date "1998.??.??"]
[Round "2"]
[White "Raev, Rastislav"]
[Black "Glinert, Stephen"]
[Result "1-0"]
[WhiteElo "2020"]
[BlackElo "2210"]
[PlyCount "103"]
[EventDate "1998.10.25"]
[EventType "swiss"]
[EventRounds "11"]
[EventCountry "ESP"]
[Source "ChessBase"]
[SourceDate "1999.11.18"]

1. c4 Nf6 2. Nc3 d5 3. cxd5 Nxd5 4. g3 g6 5. Bg2 Nxc3 6. bxc3 Bg7 7. Nf3 O-O 8.
O-O c5 9. Bb2 Nd7 10. Rb1 Qc7 11. d3 Rb8 12. e4 b6 13. Qe2 Bb7 14. Rfd1 Rfd8
15. Rbc1 Rbc8 16. Nd2 Ne5 17. d4 Nc6 18. Nb3 Nb8 19. d5 e5 20. Bh3 Nd7 21. c4
Rb8 22. Nd2 Rf8 23. Nf3 Rbe8 24. Bc3 Qd6 25. Rc2 Bc8 26. a4 f5 27. Nd2 Nf6 28.
Re1 Ng4 29. exf5 gxf5 30. Bxg4 fxg4 31. Ne4 Qg6 32. Rd2 Rd8 33. a5 Rf5 34. axb6
axb6 35. Ra2 Rh5 36. Ra7 Rh3 37. Qe3 h6 38. Kg2 Bf5 39. Nd2 Re8 40. Rc7 Qh5 41.
Nf1 Bf6 42. Rc6 Bg5 43. Qe2 e4 44. Ba1 e3 45. Qb2 Be4+ 46. Kg1 exf2+ 47. Qxf2
Qf7 48. Qb2 Kf8 49. Rc7 Qg8 50. Qf2+ Bf3 51. Bg7+ Qxg7 52. Rxe8+ 1-0